Der Familie Buchholz (Record no. 6759)

MARC details
000 -CABECERA
campo de control de longitud fija 00686nam a2200241 a 4500
001 - NÚMERO DE CONTROL
campo de control BRCA_7078
005 - FECHA Y HORA DE LA ÚLTIMA TRANSACCIÓN
campo de control 20190320205714.0
008 - DATOS DE LONGITUD FIJA--INFORMACIÓN GENERAL
campo de control de longitud fija 081211s1911----gw-#######---#000-0#ger-#
041 ## - CÓDIGO DE LENGUA
Código de lengua del texto/banda sonora o título independiente ger
044 ## - CÓDIGO DEL PAÍS DE LA ENTIDAD EDITORA/PRODUCTORA
Código MARC del país gw
050 #4 - SIGNATURA TOPOGRÁFICA DE LA BIBLIOTECA DEL CONGRESO
Número de clasificación PT2526.B8
Número de documento/Ítem .S75 2 1911
100 1# - ENTRADA PRINCIPAL--NOMBRE DE PERSONA
Nombre de persona Stinde, Julius Ernst Wilhelm
Fechas asociadas al nombre 1841-1905
9 (RLIN) 15607
245 10 - MENCIÓN DE TÍTULO
Título Der Familie Buchholz
Resto del título zweiter teil : aus dem Leben der Hauptstadt
Mención de responsabilidad, etc. von Julius Stinde.
250 ## - MENCIÓN DE EDICIÓN
Mención de edición 65
260 ## - PUBLICACIÓN, DISTRIBUCIÓN, ETC.
Lugar de publicación, distribución, etc. Berlín
Nombre del editor, distribuidor, etc. G. Grote´sche
Fecha de publicación, distribución, etc. 1911
300 ## - DESCRIPCIÓN FÍSICA
Extensión 186 p. (v.2)
Dimensiones 21 cm.
500 ## - NOTA GENERAL
Nota general Ver también I65 (v.1)
500 ## - NOTA GENERAL
Nota general O54
600 14 - PUNTO DE ACCESO ADICIONAL DE MATERIA--NOMBRE DE PERSONA
Nombre de persona Buchholz, Familia
9 (RLIN) 15608
650 14 - PUNTO DE ACCESO ADICIONAL DE MATERIA--TÉRMINO DE MATERIA
Término de materia o nombre geográfico como elemento de entrada Literatura Alemana
9 (RLIN) 6160
902 ## - CATALOGADOR
Iniciales GFM
942 ## - ELEMENTOS DE PUNTO DE ACCESO ADICIONAL (KOHA)
Fuente del sistema de clasificación o colocación Library of Congress Classification
Tipo de ítem Koha Libros
Holdings
Estado de retiro Estado de pérdida Estado dañado No para préstamo Localización permanente Ubicación/localización actual Fecha de adquisición Número de inventario Total de préstamos Signatura topográfica completa Código de barras Fecha visto por última vez Precio válido a partir de Tipo de ítem Koha
El ejemplar forma parte de la colección y puede ser consultado según las políticas vigentes.       Biblioteca del Museo Franz Mayer (Rogerio Casas-Alatriste) Biblioteca del Museo Franz Mayer (Rogerio Casas-Alatriste) 08/12/2011 O54   PT2526.B8 .S75 2 1911 (O54) 7525 22/03/2019 22/03/2019 Libros